000 00850nam a2200277 i 4500
001 000013732
003 DO-SdBNP
005 20260429093945.0
007 ta
008 260211s2025 dr a 000 0 spa d
020 _a9789945224436
040 _aDO-SdBNP
_bspa
_cBNPHU
_erda
041 _aspa
082 4 _axxx
_bE91f
_222
100 _aEusebio Gautreau, Dora Evangelina,
_eautor
_4aut.
_96436
245 1 0 _aFeminismo, genealogía y patriarcado :
_bel feminismo crítico /
_cDora Eusebio Gautreau.
264 1 _aSanto Domingo :
_bEditora Búho,
_c2025.
300 _a213 páginas :
_bilustraciones ;
_c21 cm.
336 _btxt
_atexto
_2rdacontent
337 _asin mediación
_bn
_2rdamedia
338 _avolumen
_bnc
_2rdacarrier
590 _aInventariado,2026/DG
650 4 _aRelaciones familiares
_9801
910 _aDG
942 _2ddc
_cLBS1
999 _c60294
_d60294